Slovenská republika a jej bezpečnosť v kontexte jej členstva v organizáciách medzinárodného krízového manažmentu

Európska únia a jej nástroje bezpečnostnej stratégie. Bezpečnostné záujmy a vývoj vnútornej bezpečnosti Slovenskej republiky. Zahraničnopolitcké priority SR a vojensko - politická spolupráca s krajinami V4.

Gespeichert in:
Bibliographische Detailangaben
1. Verfasser: Čeri, Ladislav
Format: Buchkapitel
Sprache:Slowakisch
Schlagworte:
Tags: Tag hinzufügen
Keine Tags, Fügen Sie das erste Tag hinzu!

MARC

LEADER 00000naa$a2200000$$$4500
001 0222592
005 20240502073637.9
041 0 |a slo 
044 |a SK 
245 1 0 |a Slovenská republika a jej bezpečnosť v kontexte jej členstva v organizáciách medzinárodného krízového manažmentu  |c Ladislav Čeri 
520 |a Európska únia a jej nástroje bezpečnostnej stratégie. Bezpečnostné záujmy a vývoj vnútornej bezpečnosti Slovenskej republiky. Zahraničnopolitcké priority SR a vojensko - politická spolupráca s krajinami V4. 
610 2 0 |a politika bezpečnostná 
610 2 0 |a systémy bezpečnostné 
610 2 0 |a bezpečnosť medzinárodná 
610 2 0 |a Európska únia 
610 2 0 |a NATO 
610 2 0 |a Organizácia spojených národov 
610 2 0 |a Slovensko 
610 2 0 |a Vyšehradská štvorka 
100 1 |a Čeri, Ladislav